skiny z fortnite rozdzial 5 sezon 1 karnet - Statystyki

Ogólne statystyki
  • Ten quiz został rozwiązany 165 razy
  • Średni wynik to 3 z 13
Statystyki odpowiedzi
Obrazkowy Odpowiedź % Poprawnych
peter griffin
86%
oscar
81%
valeria
41%
nisha
35%
montague
32%
hope
29%
everburn
2%
brilliant cut mantague
1%
champion oscar
1%
doutone jones
1%
midnight duelist nisha
1%
underground chic hope
1%
vengeance jones
0%
Nie znaleziono quizów pasujących do podanych kryteriów
Rozkład punktacji
Procent ludzi z każdym wynikiem
Percentyl według liczby udzielonych odpowiedzi
Twoja historia wyników
Nie rozwiązałeś tego quizu